000 00423nam a2200169Ia 4500
008 230524s9999 xx 000 0 und d
020 _a9780071259309
082 _a330.14
_bLUT
100 _aFred Luthans
245 0 _aOrganisational Behaviour 11th ed.
250 _a11TH
260 _aNEW DELHI
_bMGH
_c2008
300 _aXVI;562
500 _aQuantity Number: 5
650 _aOrganisational Behaviour
942 _cBK
999 _c38848
_d38848